000 00429cam a2200181 4500
001 D5338
008 090401t1938 xxu||||| |||| 00| 0 eng d
035 _a(Sirsi) u45082
041 _aeng
050 _a711.14
100 _aHamilton, J Ian
245 4 _aThe principles and practice of compulsory purchase
260 _aLondon
_bPitman
_c1938
300 _axi. 83p. 25cm
350 _a0
942 _n0
948 _c04/03/1997
999 _c91641
_d91641